000 00489nam a2200181Ia 4500
005 20250326123755.0
008 250326s9999 xx 000 0 und d
037 _aTextbook
040 _aFMSL
_beng
_cFMSL
041 _aeng
_2eng
084 _aS K4
_qFMSL
100 _aRussell R W
_9736068
245 0 _aForntiers in psychology
_cRussell R W
260 _aNew Jersey
_bNew Jersey, Scott, Foresman
_c1964
300 _a209p
942 _cTB
_hS K4
999 _c1270905
_d1270905